| 000 | 00370 a2200169 4500 | ||
|---|---|---|---|
| 001 | 183620 | ||
| 020 | _a85-08-06200-1 | ||
| 040 | _cMagnum | ||
| 100 | _aHohlfeldt, Antonio | ||
| 240 | 1 | 0 |
_aA greve das namoradas _lpor |
| 245 | 1 | 0 | _aA greve das namoradas |
| 300 | _a48 | ||
| 362 | 0 | _a1999 | |
| 440 | 1 | _aÁtica | |
| 697 | _aLITERATURA INFANTO-JUVENIL | ||
| 942 | _cBK | ||
| 999 |
_c183620 _d183620 |
||